El manifiesto de la educación.

Guardat en:
Dades bibliogràfiques
Autor principal: Mendel, Gerard (autor)
Altres autors: Vogt, Christian (autor) (autor)
Format: Llibre
Idioma:espanyol
Matèries:
Etiquetes: Afegir etiqueta
Sense etiquetes, Sigues el primer a etiquetar aquest registre!

MARC

LEADER 00000cam^a2200000uu^4500
001 000474021
005 20250521000000.0
008 050901s1981^^^^^^^^^^^^rd^r^^000^0^spa^d
009 20260310124727.668
022 |a 9682300045 
035 |a FCE 000016868 
035 |a FCE 015446 
037 |a Acervo ITESO - Biblioteca 
041 |a spa 
082 0 4 |a 370.193  |b MENm 
100 |a Mendel, Gerard  |e (autor) 
245 1 3 |a El manifiesto de la educación. 
264 |a México :  |b Siglo XXI,  |c 1981. 
300 |a 324 p. 
336 |a texto  |b txt  |2 rdacontenido 
337 |a sin mediación  |b n  |2 rdamedio 
338 |a volumen  |b nc  |2 rdasoporte 
649 |a XX 
650 |a Ideología 
650 |a Clase social 
650 |a Educación socialista 
650 |a Juventud 
650 |a Autoridad 
700 |a Vogt, Christian  |e (autor) 
910 |a Fondo Centro de Estudios Educativos 
920 |a Impresos - Libros 
930 |a Fondos Especiales 
905 |a 133 
901 |a ALE015446  |b IT2  |c CEE  |u 20250521 
902 |a https://opac.biblio.iteso.mx/vufind/Record/000474021